000 00489nam a22001457a 4500
005 20180129113308.0
008 180129b xxu||||| |||| 00| 0 eng d
040 _cPK-LaUMT
082 _aPKAC 015
_bMAT-F
100 _aMateen Hashmi , Muhammad
245 _aFehrist e Makhtootat (فہرست مخطوطات عربی فارسی)
_cMuhammad Mateen Hashmi
260 _aلاہور؛
_bمرکزی تحقیق دیال سنگھ ٹرسٹ لایبریری،
_c[ ]
300 _a391
942 _cBK
999 _c102365
_d102365